000 00773nam a22002774a 4500
001 UByD003751
003 AR-LpoUNG
005 20260109121634.0
008 250221s2014 ag a b 000 1 spa d
020 _a9789504634539
040 _aAR-LpoUNG
_bspa
_cAR-LpoUNG
_eaacr
041 0 _aspa
082 0 _a808.068 3 332cup
100 1 _aMariño, Ricardo
245 1 0 _aCupido 13
250 _a1ra. ed.
260 _aBuenos Aires :
_bAlfaguara,
_c2014.
300 _a99 p. :
_bil.
505 0 _aSugerido a partir de 10 años (etiqueta VIOLETA).
650 4 _aLiteratura
650 4 _aCuentos
653 0 _aLiteratura infantil
700 1 _aBertantene, Poly
_eil.
942 _2ddc
_cLIB
999 _c66442
_d66442